Beads crystal and thread embroidery = Sulaman manik kristal dan benang

Bibliographic Details
Main Author: Rosita Jaafar
Format: Book
Published: Selangor : FTIM Designing Centre , 2008
Subjects:

MARC

LEADER 00000cam a2200000 7i4500
001 0000029120
005 20100310.0
008 100310
020 |a 9834356228 
090 0 0 |a 746.44   |b ROS 
100 0 |a Rosita Jaafar 
245 1 0 |a Beads crystal and thread embroidery = Sulaman manik kristal dan benang   |c Rosita Jaafar 
260 |a Selangor :   |b FTIM Designing Centre ,   |c 2008 
650 0 |a Beadwork   |x Patterns 
650 0 |a Embroidery   |x Patterns 
999 |a 0001067031   |b Book   |c Adult Collection   |e Cawangan Bukit Gambir 
999 |a 0001067303   |b Book   |c Adult Collection   |e Perbadanan Perpustakaan Awam Johor 
999 |a 0001067531   |b Book   |c Adult Collection   |e Cawangan Muar 
999 |a 0001067832   |b Book   |c Adult Collection   |e Cawangan Tangkak 
999 |a 0001067977   |b Book   |c Adult Collection   |e Cawangan Mersing 
999 |a 0001068165   |b Book   |c Adult Collection   |e Cawangan Taman Sri Lambak 
999 |a 0001068272   |b Book   |c Adult Collection   |e Cawangan Bandar Tenggara 
999 |a 0001068685   |b Book   |c Adult Collection   |e Cawangan Bandar Penawar 
999 |a 0001068835   |b Book   |c Adult Collection   |e Cawangan Tmn. Ungku Tun Aminah 
999 |a 0001068919   |b Book   |c Adult Collection   |e Perbadanan Perpustakaan Awam Johor